00421nam a2200121Ia 4500008004100000020001500041050002100056100004900077245007900126260003300205300003500238650002600273120626s1996 mx a 000 0 spa d a968245445X aND890 bM37 1996 aMarín de L´Hotellerie, José Luiseautor aCroquis a lápiz de la figura humana c/ J. Luis Marín de L´Hotelleri aMéxico b: Trillasc, 1996 a110 páginasb: ilustraciones aDIBUJOxFIGURA HUMANA